Biokompatibilita polymerů = Biocompatibility of polymers /

Hlavní autor: Humpolíček, Petr
Korporativní autor: Univerzita Tomáše Bati ve Zlíně. Technologická fakulta
Jazyk: Čeština
Vydáno: Zlín : Univerzita Tomáše Bati ve Zlíně, 2020
Vydání: Vydání první
Edice: Teze přednášek ke jmenování profesorem
Témata:
Fyzický popis: 46 stran : ilustrace (některé barevné) ; 21 cm
Language note: České a anglické resumé
Knihy
Uloženo v:
LEADER 02198nam a2200577 i 4500
001 nkc20203199169
003 CZ PrNK
005 20200605113931.0
007 ta
008 200401s2020 xr a f m 000 0 cze
015 |a cnb003199169 
020 |a 978-80-7454-909-0  |q (brožováno) 
035 |a (OCoLC)1200248875 
040 |a OLA001  |b cze  |d ABA001  |e rda 
041 0 |a cze  |b cze  |b eng 
072 7 |a 678  |x Průmysl makromolekulárních látek. Gumárenský průmysl. Průmysl plastů  |2 Konspekt  |9 19 
080 |a 54-126  |2 MRF 
080 |a 678.7/.8  |2 MRF 
080 |a 57.04-021.29  |2 MRF 
080 |a (043.5:042.3)  |2 MRF 
080 |a (048.3)  |2 MRF 
100 1 |a Humpolíček, Petr  |7 utb2012694690  |4 aut 
245 1 0 |a Biokompatibilita polymerů =  |b Biocompatibility of polymers /  |c autor: Petr Humpolíček 
246 3 1 |a Biocompatibility of polymers 
250 |a Vydání první 
264 1 |a Zlín :  |b Univerzita Tomáše Bati ve Zlíně,  |c 2020 
300 |a 46 stran :  |b ilustrace (některé barevné) ;  |c 21 cm 
336 |a text  |b txt  |2 rdacontent 
337 |a bez média  |b n  |2 rdamedia 
338 |a svazek  |b nc  |2 rdacarrier 
490 1 |a Teze přednášek ke jmenování profesorem 
500 |a "Obor: Technologie makromolekulárních látek" 
500 |a Nad názvem: Univerzita Tomáše Bati ve Zlíně, Fakulta technologická 
500 |a 90 výtisků 
504 |a Obsahuje bibliografii 
546 |a České a anglické resumé 
650 0 7 |a polymery  |7 ph124310  |2 czenas 
650 0 7 |a biokompatibilita  |7 ph388512  |2 czenas 
650 0 9 |a polymers  |2 eczenas 
650 0 9 |a biocompatibility  |2 eczenas 
655 7 |a profesorské přednášky  |7 fd187329  |2 czenas 
655 7 |a teze  |7 fd133701  |2 czenas 
655 9 |a inauguration lectures  |2 eczenas 
655 9 |a abstracts  |2 eczenas 
710 2 |a Univerzita Tomáše Bati ve Zlíně.  |b Technologická fakulta  |7 kn20010709223  |4 isb 
810 2 |a Univerzita Tomáše Bati ve Zlíně.  |t Teze přednášek ke jmenování profesorem  |0 s 
910 2 |a BOA001  |b 2-1445.904 
990 |a BK 
995 |a 01 
991 |b 202005  |c NOV 
996 6 |b 2610819556  |c 2-1445.904  |l MZK  |r Sklad / do 1 hodiny  |n 0  |p p.v.  |w 001794671  |u 000010  |a 1  |e BOA001  |j MZK50  |s P